Statistiques concernant One piece : personnes important

Cliquez ici pour prendre le quiz!

Statistiques générales

  • Ce quiz a été pris 326 fois
  • Le résultat moyen est 164 sur 389

Statistiques - réponses

HintRéponse% Correct
Génération terrible | Équipage de luffyLuffy
98%
Nami
98%
Who’s-who’s
98%
Chopper
97%
robin
97%
Robin
97%
Sanji
97%
Zoro
97%
Franky
96%
Usopp
96%
Brook
95%
Équipage de shanksShanks
95%
Jinbe
94%
Équipage de baggyBaggy
89%
Équipage de alvidaAlvida
86%
Lao g
86%
Équipage de arlongArlong
84%
Ace
83%
Baroque worksMr0 ( crocodile )
83%
Crocodile
81%
Dragon
79%
Ben beckman
78%
Sabo
78%
Teach (barbe noire )
78%
Teach ( barbe noire )
78%
Yasopp
78%
Doflamingo
76%
Garp
76%
Vivi
76%
Koby
74%
LoguetownSmoker
74%
Mr2 ( bonclay )
73%
Famille de big mom ( uniquement general sucre )Big mom
72%
Équipage de kriegDon krieg
72%
Law
72%
Mr3 (galdino)
72%
Mr1
71%
Mr1 (daz bones )
71%
Boa hancock
70%
Amazon lilyBoa hancok
70%
Ener
70%
Mr4 (babe )
70%
Équipage de kaidoKaido
69%
Mr5 ( gem)
69%
Mr 7
69%
Akainu
68%
Équipage de barbe blancheBarbe blanche
68%
Grand corsaireMihawk
68%
Mr3
68%
Mr6
68%
Mr8 ( igaram )
68%
Mr9
68%
Kuma
67%
Rob lucci
67%
Kizaru
66%
Kuzan ( aokiji )
66%
Thriller barkMoria
66%
Kidd
65%
Carrot
63%
Aokiji
62%
Kaku
62%
Équipage du chat noirKuro
61%
Marco
61%
Mr10
61%
Bonney
60%
Lucky roo
60%
Mr11
60%
Mr12
60%
Mr13
60%
Doc q
59%
Katakuri
59%
Sengoku
59%
Tashigi
59%
Hermep
58%
Baratie ( employés et clients )Zeff
57%
Hawkins
56%
Killer
56%
King
56%
Drake
55%
Urouge
55%
Davy back fightFoxy
54%
Fujitora
53%
Ivankov
53%
Impel downMagellan
53%
Miss all-sunday
53%
Kalifa
52%
Village de fuchsiaMakino
52%
Shell townMorgan
52%
Queen
52%
Apoo
51%
Bege
51%
JayaBellamy
51%
Broggy
51%
AlabastaCobra
51%
Cap des jumeauxLaboon
51%
Perona
51%
Egg islandVegapunk
51%
Village de siropKaya
50%
Kinemon
50%
Île des hommes poissonsShirahoshi
50%
Wano kuniOden
49%
Pell
49%
Wapol
49%
Little gardenDorry
48%
Hiluluk
48%
Joz
48%
Burgess
47%
Punk hazardCesar clown
47%
Crocus
47%
Gin
47%
Momonosuke
47%
Neptune
47%
Cracker
46%
Octy
46%
Icebarg
45%
Jack
45%
Vista
45%
Koala
44%
Nouvelle équipage des hommes poissonsHody jones
43%
Miss monday
43%
Miss wednesday
43%
Oz
43%
Rebecca
43%
Shiliew
43%
Absalom
42%
Blueno
42%
Jango
42%
Kureha
42%
Merry
42%
Monet
42%
Nojiko
42%
Pica
42%
Smoothie
42%
Cp 9Spandam
42%
Catarina devon
41%
Oignon
41%
Inazuma
40%
Saint Jaygarcia Saturn
40%
Tom
40%
DressrosaBartolomeo
39%
Jabura
39%
Miss Friday
39%
Miss tuesday
39%
Black maria
38%
Laffite
38%
Vergo
38%
Bellmere
37%
Île des animaux raresGaimon
37%
Marine : gradé vice amiral ou superieurKong
37%
Miss thursday
37%
Montblanc norland
37%
Trebol
37%
Baby 5
36%
Carotte
36%
Dalton
36%
Diamante
36%
Miss merry Christmas
36%
Nekomamushi
36%
Pauly
36%
Miss saturday
35%
Pedro
35%
Ryuma
35%
Sentomaru
35%
Tsuru
35%
Ulti
35%
Avalo pizarro
34%
Cavendish
34%
Fullbody
34%
Miss goldenweek
34%
Violet
34%
Cabaji
33%
Inuarashi
33%
Kanjuro
33%
Leo
33%
Miss valentine
33%
Pearl
33%
Haguar d sauro
32%
Hogback
32%
Page one
32%
Piment
32%
Pudding
32%
SanJuan wolf
32%
Sugar
32%
Sandersonia
31%
Van augur
31%
Bonclay
30%
Chouchou
30%
Marine : grade inférieurHina
30%
Koza
30%
Marigold
30%
Olivia
30%
Raizo
30%
Senor pink
30%
Vasco shot
30%
Weeble
30%
Wiper
30%
Smack
29%
Chaka
28%
Conis
28%
Don chinjao
28%
Hack
28%
Momonga
28%
Montblanc cricket
28%
Bello-betty
27%
Hanyabal
27%
Ryokugyu
27%
Vander Decken
27%
Kiku
26%
Laura
26%
Rossinante
26%
Sai
26%
Vinsmoke reiju
26%
Buffalo
25%
Passe de Nico robinClover
25%
Genzo
25%
Igaram
25%
Kokoro
25%
Morge
25%
O-tama
25%
Riku
25%
Saint charlos
25%
Saint marcus Mars
25%
Whole cakeVinsmoke judge
25%
Fukaboshi
24%
Gladius
24%
Hiyori
24%
Kaloo
24%
Karasu
24%
Morley
24%
Otohime
24%
Gouvernement mondialIm sama
23%
ZooPekoms
23%
Vinsmoke ichiji
23%
Dellinger
22%
Vinsmoke niji
22%
Vinsmoke yonji
22%
Bepo
21%
Fukuro
21%
Squard
21%
Ashura
20%
Kawamatsu
20%
Kumadori
20%
Ohm
20%
Pacifista
20%
Jora
19%
Kiros
19%
Lindbergh
19%
Miss doublefinger (zala)
19%
Stussy
19%
Duval
18%
Machvise
18%
Sadi
18%
Satori
18%
Boo
17%
Calgara
17%
SkypeaGan forr
17%
Kuroobi
17%
Manshelly
17%
Minotaure
17%
Papag
17%
Patty
17%
Shaka
17%
Ideo
16%
Izou
16%
Miss fathers day
16%
Pierre
16%
T-bone
16%
Gedatsu
15%
Lilith
15%
Chiffon
14%
Chimney
14%
Hajrudin
14%
Toto
14%
Zunesha
14%
Manboshi
13%
Nyon
13%
Pagaya
13%
Sham
13%
Aisa
12%
Atlas
12%
Carne
12%
Chess
12%
Hoop slap
12%
Miss mothers day
12%
Saint sheperd ju peter
12%
Satch
12%
Shura
12%
Spandine
12%
York
12%
Edison
11%
Laki
11%
Masira
11%
Ritchie
11%
Saldeath
11%
Daruma
10%
Elizabello 2
10%
Kuromarimo
10%
Peeply lulu
10%
Ryuboshi
10%
Saint ethanbaron v.nusjuro
10%
Saint topman Warcury
10%
Hamburg
9%
Keimi
9%
Megalo
9%
Orlumbus
9%
Pythagore
9%
Shojo
9%
Tilestone
9%
Zeo
8%
Dosun
7%
Nezumi
7%
SabaodySilver raylegh
7%
Braham
6%
Village d’orangeBuddle
6%
Bushi
6%
Kamakiri
6%
Yokozuna
6%
Genbo
5%
Johny
5%
Longs-cils
5%
Yosaku
5%
Ginney
4%
Hyouzou
4%
Icaros mucchi
4%
Saint rosward
4%
Saski
4%
Nora
3%
Oroshi
3%
Shyarly
3%
Bee anne
2%
Sukiyaki
2%
Montblanc normand
1%
Saint mjosgard
1%
Wadatsume
0%

Distribution des résultats

Percentile par nombre de réponses

% des personnes avec chaque résultat

Votre développement - résultats

Vous n’avez pas pris ce quiz